000 00333nam a2200121Ia 4500
008 220217s9999||||xx |||||||||||||| ||und||
082 _a621.3815 SUB
100 _aSubramanyam, B
245 0 _aElectrick circuite analysis
260 _aIK International publishing house
_bNew Delhi
_c2008
300 _b295
650 _aCIRCUITRY
999 _c177440
_d177440